Online Catalogue and eLibrary

Sri Lankawe aagamika bawaya (Record no. 786)

MARC details
000 -LEADER
fixed length control field 00373nam a2200145Ia 4500
005 - DATE AND TIME OF LATEST TRANSACTION
control field 20250514011057.0
008 - FIXED-LENGTH DATA ELEMENTS--GENERAL INFORMATION
fixed length control field 240331s9999 xx 000 0 und d
082 ## - DDC Classification
Class No. 200
Item Number - Author Mark SRI
245 #0 - TITLE STATEMENT
Title Sri Lankawe aagamika bawaya
260 ## - PUBLICATION, DISTRIBUTION, ETC.
Place of publication, distribution, etc. Colombo
Name of publisher, distributor, etc. Mergaa Institute
Date of publication, distribution, etc. 1985
300 ## - PHYSICAL DESCRIPTION
Extent (e.g. Volumes, Pages etc.) 310 p .,
500 ## - GENERAL NOTE
General note A Book on Sri Lankan Religion
700 ## - ADDED ENTRY--PERSONAL NAME
Personal name Cater, J.R.
Relator term (Role) Editor
942 ## - Koha item type (Biblio)
Koha item type Books in Stacks (Lending)
Holdings
Lost status Damaged status Collection code Home library Current library Shelving location Date acquired Full call number Accession Number Item type
    Lending WERC Library WERC Library Social Science Cupboard 03/31/2024 200 SRI 900 Books in Stacks (Lending)

© WERC Library